Brad Pitt - Sudden Death - Statistics

General Stats
  • This quiz has been taken 701 times
  • The average score is 11 of 19
Answers on the Grid
Answers color-coded by a green-red scale on the quiz's grid according to % correct below.
Interview with the Vampire
Saving Private Ryan
The Devil’s Own
The Big Short
A River Runs Through It
Fight Club
Three Kings
War of the Worlds
Ocean’s Eleven
Moneyball
Inglorious Basterds
Out of Sight
Kalifornia
Django Unchained
Mr & Mrs Smith
Meet Joe Black
Seven Years in Tibet
The Way We Were
Sleepers
Heat
Thelma and Louise
Legends of the Fall
The Aviator
The Firm
Once Upon a time in Hollywood
Kingdom of Heaven
True Romance
Twelve Monkeys
Casino
Troy
 
Answer Stats
Answer % Correct
Fight Club
90%
Ocean’s Eleven
82%
Inglorious Basterds
81%
Mr & Mrs Smith
80%
Once Upon a time in Hollywood
77%
Interview with the Vampire
75%
Troy
71%
Meet Joe Black
68%
Moneyball
66%
Seven Years in Tibet
60%
Twelve Monkeys
53%
Thelma and Louise
51%
The Big Short
48%
Legends of the Fall
46%
A River Runs Through It
36%
Sleepers
29%
The Devil’s Own
27%
Kalifornia
23%
True Romance
21%
No matching quizzes found
Score Distribution
Percent of People with Each Score
Percentile by Number Answered
Your Score History
You have not taken this quiz